Bayrou ou Beyrouth...ou les deux ? - Statistiques

Statistiques générales
  • Ce quiz a été pris 132 fois
  • Le résultat moyen est 11 sur 15
Statistiques - réponses
Hint Réponse % Correct
A été touchée par une explosion dévastatrice en août 2020 Beyrouth
96%
Fait partie de la République française Bayrou
91%
Est lié à une ville des Pyrénées Bayrou
88%
Est connu pour ses positions en faveur d’une Europe unie Bayrou
86%
Situé en Bord de Mer Beyrouth
85%
Est cité dans des discours politiques Les deux
81%
A un rôle central en Méditérannée Beyrouth
77%
Est souvent décrit comme un pont entre différentes cultures Beyrouth
77%
Son nom est régulièrement prononcé à la télévision Les deux
76%
A une réputation associée à des prises de position modérées Bayrou
74%
On peut qualifier de "jeune et dynamique" Beyrouth
72%
A été confronté à des critiques sur sa gestion Les deux
64%
Est un point central pour les discussions politiques Les deux
63%
Est connu pour ses relations avec la France Les deux
63%
Est associé à un rôle d’arbitre dans des contextes complexes Bayrou
52%
Aucun quiz correspondant
Distribution des résultats
% des personnes avec chaque résultat
Percentile par nombre de réponses
Votre historique - résultats
Vous n’avez pas pris ce quiz